000 00586nam a22001337a 4500
999 _c80278
_d80278
008 201130b ||||| |||| 00| 0 eng d
040 _bger
_cSTAFF
_erda
_aSTAFF
245 _aStadt geht gegen Anfrage der AfD vor:
_bPolitik: Rechtsaußenpartei stellt Fahrtauglichkeit von Zugewanderten pauschal in Frage. Vorwurf der Volksverhetzung im Raum
_cthg
773 _dFrankfurt (Oder): Märkisches Verlags- und Druckhaus GmbH & Co KG
_g31. Jahrgang (2020) Nr. 282 vom 03.12.2020, S. 13
_tMärkische Oderzeitung
942 _cA